| 000 | 00758nam a2200229 a 4500 | ||
|---|---|---|---|
| 999 |
_c3491 _d3491 |
||
| 001 | 3491 | ||
| 003 | BD-JhCC | ||
| 005 | 20180404182936.0 | ||
| 008 | 171114s1975 bg |||| ||a| 000 0 ben d | ||
| 035 | _a(BD-JhCC)3491 | ||
| 040 |
_aBD-JhCC _dBD-JhCC |
||
| 041 | _aben | ||
| 082 |
_a891.4415 _bTHA 1975 |
||
| 100 | _aঠাকুর, রবীন্দ্রনাথ | ||
| 245 |
_aরবীন্দ্রনাথের গীতাঞ্জলি / _cরবীন্দ্রনাথ ঠাকুর |
||
| 260 |
_aঢাকা : _bসিটি লাইব্রেরী, _c1975 |
||
| 300 |
_a91 p. : _c24 cm. |
||
| 650 | _aBegali Poetry | ||
| 700 | _aগুহ, অজিত কুমার (সম্পা) | ||
| 942 |
_2ddc _cBK |
||